书目信息 |
| 书名: | Insurgency and counter-insurgency in Iraq | |
| 作者: | Ahmed S. Hashim. | |
| 分册号: | ||
| 分册名: | 出版地: | Ithaca : |
|
| 出版社: | Cornell University Press | |
| 出版时间: | 2006. | |
| 页数: | xxviii, 482 p. : | |
| 开本: | 20 cm. | |
| 丛书名: | Crises in world politics | |
| 中图分类号: | ||
| 科图分类号: | ||
| 其他分类号: | E831 | |
| 主题词: | ||
| 电子资源: | http://www.loc.gov/catdir/toc/fy0708/2006040270.html http://www.h-net.org/review/hrev-a0f2j1-aa | |
| 000 | 01546cam a22003734a 450 | |
| 001 | E0756977366 | |
| 005 | 20070710155703.84 | |
| 008 | 060303r20062005nyub b 001 0 eng | |
| 010 | @a2006040270 | |
| 020 | @a0801444527 (cloth). | |
| 020 | @a9780801444524. | |
| 035 | @a(OCoLC)ocm64595972 | |
| 040 | @aDLC@cDLC@dBAKER@dC#P@dDLC | |
| 042 | @apcc | |
| 043 | @aa-iq--- | |
| 050 | 00 | @aDS79.76@b.H3758 2006 |
| 082 | 00 | @a956.7044/342@2 22 |
| 090 | @aE831 | |
| 099 | @dE831@ex11 | |
| 100 | 1 | @aHashim, Ahmed. |
| 245 | 10 | @aInsurgency and counter-insurgency in Iraq / @cAhmed S. Hashim. |
| 260 | @aIthaca :@bCornell University Press,@c2006. | |
| 300 | @axxviii, 482 p. :@bmaps ;@c20 cm. | |
| 440 | 0 | @aCrises in world politics |
| 500 | @a"Originally published in the United Kingdom by C. Hurst"--T.p. verso. | |
| 504 | @aIncludes bibliographical references (p. 451-471) and index. | |
| 650 | 0 | @aCounterinsurgency@zIraq. |
| 650 | 0 | @aIraq War, 2003- |
| 650 | 0 | @aInsurgency@zIraq. |
| 856 | 41 | @3 Table of contents only@uhttp://www.loc.gov/catdir/toc/fy0708/2006040270.html |
| 856 | 42 | @3 Book review (H-Net)@uhttp://www.h-net.org/review/hrev-a0f2j1-aa |
| 906 | @a7@bcbc@corignew@d1@eocip@f20@gy-gencatlg | |
| 925 | 0 | @aacquire@b2 shelf copies@xpolicy default |
| 955 | @apc15 2006-03-03 to SSCD@iyh59 2006-03-08@eyh59 2006-03-08@eyh31 2006-03-08 to Dewey@aaa05 2006-03-09;@fpv01 2006-05-19 Z-CipVer to BCCD@auf15 2006-05-25@auf15 2006-06-16 one copy to COP, one copy to BCCD@apv01 2006-06-20 copy 2 to BCCD | |
| Insurgency and counter-insurgency in Iraq / / Ahmed S. Hashim.-Ithaca : : Cornell University Press, , 2006. |
| xxviii, 482 p. : : maps ; ; 20 cm.- (Crises in world politics ) |
| "Originally published in the United Kingdom by C. Hurst"--T.p. verso.-Includes bibliographical references (p. 451-471) and index. |
| ISBN 0801444527 (cloth). |
| ● |
| 相关链接 |
|
|
|
|
正题名:Insurgency and counter-insurgency in Iraq
索取号:E831/x11
 
预约/预借
| 序号 | 登录号 | 条形码 | 馆藏地/架位号 | 状态 | 备注 |
| 1 | 0011693 | 300116933 | 第二样本阅览室/ [索取号:E831/x11] | 在馆 |